Students' Attitudes to Selected Subjects in Secondary Economic Education

Výskum zameraný na postoje študentov k štyrom hlavným školským predmetom (ekonomika, účtovníctvo, matematika a materinský jazyk) na obchodných akadémiách.

Salvato in:
Dettagli Bibliografici
Autore principale: Berková, Kateřina
Altri autori: Krejčová, Kristýna, Novák, Jaromír, 1978-
Natura: Capitolo di libro
Lingua:inglese
Soggetti:
Tags: Aggiungi Tag
Nessun Tag, puoi essere il primo ad aggiungerne!!

MARC

LEADER 00000naa a2200000 4500
001 0263129
005 20260210083807.2
041 0 |a eng 
044 |a LT 
245 1 0 |a Students' Attitudes to Selected Subjects in Secondary Economic Education  |c Kateřina Berková, Kristýna Krejčová, Jaromír Novák 
520 |a Výskum zameraný na postoje študentov k štyrom hlavným školským predmetom (ekonomika, účtovníctvo, matematika a materinský jazyk) na obchodných akadémiách. 
610 2 0 |a vzdelávanie 
610 2 0 |a ekonómia 
610 2 0 |a školy stredné odborné 
610 2 0 |a žiaci 
610 2 0 |a predmety učebné 
610 2 0 |a motivácia 
610 2 0 |a výskum 
100 1 |a Berková, Kateřina 
700 1 |a Krejčová, Kristýna 
700 1 |a Novák, Jaromír, 1978-